|
|
|
|
| LEADER |
01204nam a2200289 a 4500 |
| 001 |
13032 |
| 003 |
BD-DhAAL |
| 008 |
090407s2002 maua b 001 0 eng d |
| 999 |
|
|
|c 246
|d 246
|
| 010 |
|
|
|a \\\2001030527
|
| 020 |
|
|
|a 0072444126 (alk. paper)
|
| 040 |
|
|
|a DLC
|c DLC
|d DLC
|d BD-DhAAL
|
| 082 |
0 |
0 |
|a 657.046
|2 21
|
| 100 |
1 |
|
|a Baker, Richard E.
|9 41525
|
| 245 |
1 |
0 |
|a Advanced financial accounting /
|c Richard E. Baker, Valdean C. Lembke, Thomas E. King.
|
| 250 |
|
|
|a Fifth edition
|
| 260 |
|
|
|a Boston, Mass. :
|b McGraw-Hill/Irwin,
|c c2002.
|
| 300 |
|
|
|a xxxii, 1178 pages :
|b illustrations ;
|c 26 cm.
|
| 504 |
|
|
|a Includes bibliographical references and index.
|
| 541 |
1 |
|
|e 13032
|
| 650 |
|
0 |
|a Accounting.
|9 41526
|
| 700 |
1 |
|
|a Lembke, Valdean C.
|9 41527
|
| 700 |
1 |
|
|a King, Thomas E.
|9 41528
|
| 852 |
4 |
|
|a Ayesha Abed Library
|j General Stacks
|
| 942 |
|
|
|2 ddc
|c BK
|
| 952 |
|
|
|0 0
|1 0
|2 ddc
|4 0
|6 657_046000000000000_BAK
|7 0
|9 228
|a BRACUL
|b BRACUL
|c GEN
|d 2009-04-29
|g 2500.00
|l 9
|m 101
|o 657.046 BAK
|p 3010013032
|r 2025-10-07
|s 2025-06-23
|t 1
|w 2009-04-29
|y BK
|
| 952 |
|
|
|0 0
|1 0
|2 ddc
|4 0
|6 657_046000000000000_BAK
|7 0
|9 18097
|a BRACUL
|b BRACUL
|c GEN
|d 2011-09-19
|l 8
|m 48
|o 657.046 BAK
|p 3010014796
|r 2025-09-21
|s 2025-06-23
|t 2
|w 2011-09-19
|y BK
|